000 00419nam a2200145Ia 4500
008 100204s9999 xx 000 0 und d
082 _b14660
100 _aसावंत हेमंत
245 _aकन्फेशन
260 _b"पुजा प्रकाशन , मुंबई"
_c1989
300 _a160
630 _aकन्फेशन
730 _aकन्फेशन
942 _cBOOK
999 _c459091
_d459088